Fray Perico, Calcetín y el guerrillero Martín /
En el convento de fray Perico aparece Juan el Empecinado, un extraño personaje armado con un trabuco. Los soldados franceses le persiguen y el simpático fraile no dudará en echarle una mano. ¿Logrará el monje salir indemne de esta nueva aventura?
Guardado en:
| Autor Principal: | |
|---|---|
| Formato: | Libro |
| Idioma: | Undetermined |
| Publicado: |
Madrid :
SM,
1994.
|
| Series: | El barco de vapor. Naranja ;
85 |
| Materias: | |
| Etiquetas: |
Agregar Etiqueta
Sin Etiquetas, Sea el primero en etiquetar este registro!
|
| LEADER | 01083nam a22002295a 4500 | ||
|---|---|---|---|
| 001 | CEM.cems019707 | ||
| 008 | 221012s1994####sp############000#0#und#d | ||
| 005 | 20221107102527.0 | ||
| 245 | 1 | 0 | |a Fray Perico, Calcetín y el guerrillero Martín / |c Juan Muñoz. |
| 260 | |a Madrid : |b SM, |c 1994. | ||
| 300 | |a 153 p. ; |c 20 cm. | ||
| 490 | 1 | |a El barco de vapor. Naranja ; |v 85 | |
| 520 | |a En el convento de fray Perico aparece Juan el Empecinado, un extraño personaje armado con un trabuco. Los soldados franceses le persiguen y el simpático fraile no dudará en echarle una mano. ¿Logrará el monje salir indemne de esta nueva aventura? | ||
| 020 | |a 843484270 | ||
| 100 | 1 | |a Muñoz, Juan. | |
| 082 | 0 | 4 | |a 863.4 |
| 653 | |a Literatura Infantil | ||
| 653 | |a Literatura Juvenil | ||
| 859 | |a CEMS |b BIB. CEMS - Inicial y Primaria |h 863.4 |i M93-1 |k IP |p 1937 |t Ej.1 | ||
| 859 | |a CEMS |b BIB. CEMS - Inicial y Primaria |h 863.4 |i M93-1 |k IP |p 1939 |t Ej.2 | ||
| 859 | |a CEMS |b BIB. CEMS - Inicial y Primaria |h 863.4 |i M93-1 |k IP |p 1940 |t Ej.3 | ||
| 859 | |a CEMS |b BIB. CEMS - Inicial y Primaria |h 863.4 |i M93-1 |k IP |p 1938 |t Ej.4 | ||
